| 000 | 01080nam0a22003251 4500 | ||
|---|---|---|---|
| 001 | RU\NLR\A1SV\112230 | ||
| 005 | 20251203171251.9 | ||
| 035 | _a(NLR Aleph) 009793583 | ||
| 090 |
_a10147142 _c10147142 |
||
| 100 | _a20120210d1926 u y0rusy50 ca | ||
| 101 | 0 | _arus | |
| 102 | _aRU | ||
| 200 | 1 |
_aСовременное состояние работ по рационализации в промышленности СССР _eСб. ст. _fПод ред. В.Л.Ледера _gВСНХ |
|
| 210 |
_aМ. _aЛ. _cПромиздат _d1926 |
||
| 215 |
_a132 с., 1 л. схем. _d21 см |
||
| 300 | _aНапеч. в Москве | ||
| 320 | _aБиблиогр.: с.118-131 | ||
| 620 | _dМосква | ||
| 620 | _dСанкт-Петербург | ||
| 702 | 1 |
_aЛедер _bВ.Л. _f1880-1938 _gВладислав Людвигович |
|
| 801 | 0 |
_aRU _bNLR _c20120210 |
|
| 899 |
_aРНБ _j27/698 |
||
| 899 |
_aРНБ _j27/698а |
||
| 899 | _aРГБ | ||
| 899 | _aОренбургОУНБ | ||
| 942 | _cBOOK | ||
| 980 | _aNB | ||
| 980 | _aA1SV | ||
| 980 | _aA1SV | ||